Production Systems Technology / (Record no. 1035)
[ view plain ]
| 000 -LEADER | |
|---|---|
| fixed length control field | 00889nac a22001931u 4500 |
| 020 ## - INTERNATIONAL STANDARD BOOK NUMBER | |
| International Standard Book Number | 0026675919 |
| 082 00 - DEWEY DECIMAL CLASSIFICATION NUMBER | |
| Classification number | 658.50028 |
| Item number | K937 |
| 090 ## - LOCALLY ASSIGNED LC-TYPE CALL NUMBER (OCLC); LOCAL CALL NUMBER (OCLC) | |
| -- | 1035 |
| -- | 1035 |
| 100 ## - MAIN ENTRY--PERSONAL NAME | |
| Personal name | kroon, dennis k. |
| 245 10 - TITLE STATEMENT | |
| Title | Production Systems Technology / |
| Statement of responsibility, etc | dennis k. kroon, Henry, R. Harms. |
| 260 ## - PUBLICATION, DISTRIBUTION, ETC. (IMPRINT) | |
| Place of publication, distribution, etc | Amsterdam ; |
| -- | New York : |
| Name of publisher, distributor, etc | North-Holland : |
| -- | Sole distributors for the U.S.A. and Canada, Elsevier Science Pub. Co., |
| Date of publication, distribution, etc | 1984. |
| 300 ## - PHYSICAL DESCRIPTION | |
| Extent | xii, 168 p. : |
| Other physical details | ill. ; |
| Dimensions | 23 cm. |
| 500 ## - GENERAL NOTE | |
| General note | Includes index. |
| 650 #0 - SUBJECT ADDED ENTRY--TOPICAL TERM | |
| Topical term or geographic name as entry element | Production management |
| General subdivision | Data processing |
| 700 1# - ADDED ENTRY--PERSONAL NAME | |
| Personal name | Harms, Henry, R. |
| 942 ## - ADDED ENTRY ELEMENTS (KOHA) | |
| Item type | Book - Borrowing |
| Call number prefix | 658.50028K937 |
| Withdrawn status | Item status | Source of classification or shelving scheme | Damaged status | Not for loan | Vendor | Home library | Current library | Shelving location | Date acquired | Source of acquisition | Cost, normal purchase price | Total Checkouts | Full call number | Barcode | Date last seen | Cost, replacement price | Koha item type | Total Renewals | Date last borrowed |
|---|---|---|---|---|---|---|---|---|---|---|---|---|---|---|---|---|---|---|---|
| Dewey Decimal Classification | Central Library | Central Library | First floor | 17/08/2006 | 130.00 | 658.50028 KRO | 000003466 | 15/07/2025 | 162.50 | Book - Borrowing | |||||||||
| Central Library | Central Library | First floor | 17/08/2006 | Purchase | 130.00 | 1 | 658.50028 KRO | 000003465 | 15/07/2025 | 162.50 | Book - Borrowing | 18 | 25/10/2017 |